|
|
|
|
| LEADER |
00000nam0a2200000 4500 |
| 001 |
116692 |
| 005 |
20231101215339.0 |
| 035 |
|
|
|a (RuTPU)RU\TPU\book\126281
|
| 090 |
|
|
|a 116692
|
| 100 |
|
|
|a 20070524d1982 km y0rusy50 ca
|
| 101 |
0 |
|
|a rus
|
| 102 |
|
|
|a RU
|
| 105 |
|
|
|a a z 001zb
|
| 200 |
1 |
|
|a В. Я. Шебалин
|f Н. А. Листова
|
| 210 |
|
|
|a Москва
|c Советский композитор
|d 1982
|
| 215 |
|
|
|a 296 с.
|c ил.
|
| 320 |
|
|
|a Библиогр.: с. 285-287.
|
| 320 |
|
|
|a Библиогр.: с. 288-295.
|
| 600 |
|
1 |
|a Шебалин
|b В. Я.
|c русский композитор
|f 1902-1963
|g Виссарион Яковлевич
|2 stltpush
|3 (RuTPU)RU\TPU\pers\11076
|9 2451
|
| 610 |
1 |
|
|a музыка
|
| 610 |
1 |
|
|a музыкальное творчество
|
| 610 |
1 |
|
|a русская музыка
|
| 610 |
1 |
|
|a история
|
| 610 |
1 |
|
|a композиторы
|
| 610 |
1 |
|
|a 20 век
|
| 675 |
|
|
|a 78.071.1
|v 3
|
| 700 |
|
1 |
|a Листова
|b Н. А.
|g Наталья Александровна
|
| 801 |
|
1 |
|a RU
|b 63413507
|c 20070524
|g PSBO
|
| 801 |
|
2 |
|a RU
|b 63413507
|c 20080114
|g PSBO
|
| 942 |
|
|
|c BK
|